| 000 | 00360nam a22001337a 4500 | ||
|---|---|---|---|
| 020 | _qPB. | ||
| 040 | _cFIZZA ISHAQ | ||
| 082 |
_a158 _bSTE |
||
| 100 |
_aCOVEY,R.STEPHEN. _9133852 |
||
| 245 |
_aTHE 7 HABITS OF HIGHLY EFFECTIVE PEOPLE / _cSTEPHEN R.COVEY. |
||
| 260 |
_aNEW YORK ; _bSIMON & SCHUSTER, _c1989. |
||
| 300 |
_a358 P. ; _c8.8X5.6IN |
||
| 942 |
_2ddc _cBK |
||
| 999 |
_c616833 _d616833 |
||